[Event "25th European Teams Women"]
[Site "Batumi GEO"]
[Date "2025.10.09"]
[Round "5.12"]
[Board "1"]
[White "Khukhashvili, Sopiko"]
[Black "Kirtadze, Anastasia"]
[Result "1-0"]
[WhiteTitle "IM"]
[BlackTitle "WFM"]
[WhiteElo "2304"]
[BlackElo "2303"]
[WhiteTeam "Georgia 2"]
[BlackTeam "Georgia 3"]
[WhiteFideId "13602055"]
[BlackFideId "13622714"]
[EventDate "2025.10.05"]

1. e4 c6 2. d4 d5 3. Nc3 dxe4 4. Nxe4 Bf5 5. Ng3 Bg6 6. h4 h6 7. Nh3 e6 8. Nf4
Bh7 9. Be3 Nf6 10. Bd3 Bxd3 11. Qxd3 Bd6 12. O-O-O Nbd7 13. Ne4 Nxe4 14. Qxe4
Nf6 15. Qf3 Qa5 16. Kb1 Qf5 17. Nd3 Qxf3 18. gxf3 g6 19. c4 O-O-O 20. d5 cxd5
21. Bxa7 Rhe8 22. Bb6 Bc7 23. Bxc7 Kxc7 24. Ne5 Re7 25. Rd4 Nd7 26. Ng4 dxc4 27.
Rxc4+ Kb8 28. Rd4 Rh8 29. Rhd1 h5 30. Rxd7 Rxd7 31. Rxd7 hxg4 32. Rxf7 Rxh4 33.
fxg4 Rxg4 34. Kc2 g5 35. Kd3 Kc8 36. Re7 Rf4 37. Ke3 Rc4 38. Rxe6 Kc7 39. Re4
Rc2 40. Rb4 Kc6 41. f3 Rh2 42. a3 Rg2 43. Rc4+ Kb5 44. b3 Rb2 45. Rb4+ Kc6 46.
a4 b6 47. Ke4 Rg2 48. Rc4+ Kd6 49. Ke3 Ra2 50. Rd4+ Kc6 51. Rc4+ Kd6 52. Rg4 Ra3
53. Rb4 Kc7 54. Rb5 Kc6 55. Ke4 Kc7 1-0

[Event "25th European Teams Women"]
[Site "Batumi GEO"]
[Date "2025.10.09"]
[Round "5.12"]
[Board "2"]
[White "Mgeladze, Kesaria"]
[Black "Purtseladze, Maka"]
[Result "1-0"]
[WhiteTitle "WFM"]
[BlackTitle "IM"]
[WhiteElo "2290"]
[BlackElo "2261"]
[WhiteTeam "Georgia 3"]
[BlackTeam "Georgia 2"]
[WhiteFideId "13621130"]
[BlackFideId "13602659"]
[EventDate "2025.10.05"]

1. e4 e6 2. d4 d5 3. Nc3 Nf6 4. e5 Nfd7 5. f4 c5 6. Nf3 Nc6 7. Be3 Qb6 8. Na4
Qa5+ 9. c3 b6 10. Bd2 c4 11. b4 Nxb4 12. cxb4 Bxb4 13. Qc2 Bxd2+ 14. Nxd2 b5 15.
Nc3 b4 16. Nd1 O-O 17. Be2 Qb6 18. Nf3 f6 19. Rb1 a5 20. Ne3 Ba6 21. h4 fxe5 22.
fxe5 Rf4 23. O-O Re4 24. Ng5 Rxh4 25. Bg4 b3 26. Qf2 Rxg4 27. Nxg4 Rf8 28. Qh4
Qxd4+ 29. Kh1 Qd3 30. Rfd1 bxa2 31. Ra1 Qg6 32. Rxa2 c3 33. Rc1 Rf4 34. Rxa5 Be2
35. Ra8+ Nf8 36. Nf6+ gxf6 37. Rxf8+ Kxf8 38. Nxe6+ Kg8 39. Nxf4 Qe4 40. Rxc3 1-0

[Event "25th European Teams Women"]
[Site "Batumi GEO"]
[Date "2025.10.09"]
[Round "5.12"]
[Board "3"]
[White "Khurtsilava, Inga"]
[Black "Donghvani, Nia"]
[Result "1-0"]
[WhiteTitle "WGM"]
[BlackTitle "WFM"]
[WhiteElo "2128"]
[BlackElo "2127"]
[WhiteTeam "Georgia 2"]
[BlackTeam "Georgia 3"]
[WhiteFideId "13600419"]
[BlackFideId "13614649"]
[EventDate "2025.10.05"]

1. c4 c5 2. Nc3 Nc6 3. g3 g6 4. Bg2 Bg7 5. d3 e6 6. h4 Nf6 7. Bg5 h6 8. Bxf6
Qxf6 9. h5 g5 10. Qd2 Qe7 11. Nh3 d6 12. f4 Bd7 13. Nb5 O-O-O 14. Nf2 Kb8 15.
O-O-O Be8 16. Kb1 gxf4 17. gxf4 f5 18. Rdg1 d5 19. Na3 Bf6 20. Nd1 Bf7 21. Ne3
Nd4 22. Nec2 Nc6 23. Bf3 a6 24. Qe3 Qd6 25. Rg2 Rhg8 26. Rxg8 Rxg8 27. Rc1 Ka8
28. Qd2 Rb8 29. e3 Rd8 30. Ne1 e5 31. cxd5 Bxd5 32. Bxd5 Qxd5 33. Qc3 Nb4 34.
Nc4 Ka7 35. fxe5 Bh8 36. Qb3 b5 37. Nd6 Qxb3 38. axb3 Bxe5 39. Nxf5 Kb6 40. Rd1
Rf8 41. e4 Bf4 42. Nc2 Nxc2 43. Kxc2 Rg8 44. Rf1 Rg2+ 45. Kb1 Be5 46. Nxh6 Rxb2+
47. Kc1 Bd4 48. Ng4 Ka5 49. e5 Rg2 50. Rf4 Kb4 51. e6 Kc3 52. Kd1 Kxd3 53. Rf3+
Ke4 54. e7 Kxf3 55. e8=Q Kxg4 56. Qe4+ Kg3 57. h6 b4 58. h7 Rh2 59. Qd3+ Kg4 60.
Qxa6 Kf3 61. Qf1+ Kg3 62. Qf5 Rg2 63. Qd3+ 1-0

[Event "25th European Teams Women"]
[Site "Batumi GEO"]
[Date "2025.10.09"]
[Round "5.12"]
[Board "4"]
[White "Tsetskhladze, Mariam"]
[Black "Gvetadze, Sofio"]
[Result "1/2-1/2"]
[WhiteTitle "WFM"]
[BlackTitle "IM"]
[WhiteElo "1987"]
[BlackElo "2298"]
[WhiteTeam "Georgia 3"]
[BlackTeam "Georgia 2"]
[WhiteFideId "13623834"]
[BlackFideId "13601440"]
[EventDate "2025.10.05"]

1. e4 e5 2. Nf3 Nc6 3. Bb5 a6 4. Ba4 Nf6 5. O-O b5 6. Bb3 Be7 7. d3 O-O 8. Re1
d6 9. Nbd2 Na5 10. Nf1 Nxb3 11. axb3 c5 12. Ng3 Re8 13. Bd2 Qc7 14. Qe2 h6 15.
h3 Bf8 16. Nh2 Be6 17. f4 exf4 18. Bxf4 Qb7 19. Qf2 Kh7 20. Be3 Nd7 21. d4 cxd4
22. Bxd4 Ne5 23. Nf3 Nc6 24. Be3 g6 25. Nd4 Bg7 26. Nge2 Ne5 27. Nxe6 fxe6 28.
Ng3 Rf8 29. Qd2 Nc6 30. c3 b4 31. c4 Rad8 32. Rad1 Na5 33. Qc2 Rd7 34. Ne2 Nc6
35. Nf4 e5 36. Ne6 Rf6 37. Nxg7 Rxg7 38. Rd2 Nd8 39. Red1 Nf7 40. Qd3 g5 41. Rf2
Rfg6 42. g3 Re6 43. Qd5 Qc8 44. Rdf1 Nh8 45. Kg2 Ng6 46. Rf6 Rxf6 47. Rxf6 Nf4+
48. Bxf4 gxf4 49. Qxd6 Rxg3+ 50. Kf2 Qxh3 51. Rf7+ Rg7 52. Rxg7+ Kxg7 53. Qxe5+
Kg6 54. Qd6+ Kg5 55. Qe5+ Kg6 56. Qxf4 Qxb3 57. Qf5+ Kg7 58. Qe5+ Kg6 59. Qe6+
Kg7 60. Qd7+ Kg6 61. Qe8+ Kg7 62. Qe5+ Kg6 63. Qf5+ Kg7 1/2-1/2

[Event "25th European Teams Women"]
[Site "Batumi GEO"]
[Date "2025.10.09"]
[Round "5.13"]
[Board "1"]
[White "Repkova, Eva"]
[Black "Badelka, Olga"]
[Result "0-1"]
[WhiteTitle "IM"]
[BlackTitle "IM"]
[WhiteElo "2332"]
[BlackElo "2377"]
[WhiteTeam "Slovakia"]
[BlackTeam "Austria"]
[WhiteFideId "14900440"]
[BlackFideId "13509926"]
[EventDate "2025.10.05"]

1. d4 Nf6 2. Nf3 e6 3. Bg5 Be7 4. e3 b6 5. Nbd2 Bb7 6. Bd3 h6 7. Bh4 d6 8. Qe2
Nbd7 9. e4 Nh5 10. Bxe7 Qxe7 11. g3 Nhf6 12. c3 e5 13. d5 O-O 14. b4 a5 15. O-O
c6 16. dxc6 Bxc6 17. Nc4 axb4 18. cxb4 d5 19. exd5 Bxd5 20. Nfxe5 Rfe8 21. Nxd7
Qxd7 22. Ne3 Bb7 23. Bb5 Rxe3 24. fxe3 Qd5 25. Kf2 Ne4+ 26. Ke1 Qe5 27. Rc1 Nc3
28. Qd3 Nxb5 29. Rf5 Qb2 30. Rb1 Qg2 31. Qxb5 Qg1+ 32. Rf1 Qxe3+ 33. Qe2 Qc3+
34. Kf2 Qd4+ 35. Ke1 Bd5 36. Rb2 Rc8 37. Qd2 Qe4+ 38. Kd1 Rc4 39. Rf4 Qh1+ 40.
Ke2 Qxh2+ 41. Kd1 Qh1+ 42. Ke2 Qg2+ 43. Kd1 Bf3+ 44. Rxf3 Qxf3+ 45. Qe2 Qh1+ 46.
Kd2 Qc1+ 0-1

[Event "25th European Teams Women"]
[Site "Batumi GEO"]
[Date "2025.10.09"]
[Round "5.13"]
[Board "2"]
[White "Schloffer, Jasmin-Denise"]
[Black "Sucikova, Svetlana"]
[Result "1/2-1/2"]
[WhiteTitle "WIM"]
[BlackTitle "WIM"]
[WhiteElo "2186"]
[BlackElo "2162"]
[WhiteTeam "Austria"]
[BlackTeam "Slovakia"]
[WhiteFideId "1631209"]
[BlackFideId "14923653"]
[EventDate "2025.10.05"]

1. d4 d5 2. c4 e6 3. Nf3 Nf6 4. e3 Be7 5. Bd3 O-O 6. O-O c5 7. Nc3 Nc6 8. a3
cxd4 9. exd4 b6 10. cxd5 Nxd5 11. Nxd5 Qxd5 12. Qc2 f5 13. Rd1 Na5 14. b4 Nb3
15. Rb1 Nxc1 16. Rbxc1 Bf6 17. Bc4 Qd7 18. Qxf5 Kh8 19. Qe4 Bb7 20. Qxe6 Qxe6
21. Bxe6 Bxf3 22. gxf3 Rad8 23. d5 Bb2 24. Rc7 Bxa3 25. d6 Bxb4 26. d7 a5 27.
Rc8 g6 28. Rd4 Be7 29. Re4 Kg7 30. Bh3 Bf6 31. Ra4 Be7 32. Re4 Bf6 33. Ra4 Be7
34. Re4 Bf6 1/2-1/2

[Event "25th European Teams Women"]
[Site "Batumi GEO"]
[Date "2025.10.09"]
[Round "5.13"]
[Board "3"]
[White "Bochnickova, Simona"]
[Black "Deak-Sala, Emilia"]
[Result "0-1"]
[WhiteTitle "WFM"]
[BlackTitle "WFM"]
[WhiteElo "2102"]
[BlackElo "2170"]
[WhiteTeam "Slovakia"]
[BlackTeam "Austria"]
[WhiteFideId "14958562"]
[BlackFideId "795615"]
[EventDate "2025.10.05"]

1. e4 c5 2. Nf3 e6 3. b3 a6 4. Bb2 Nc6 5. c4 d6 6. d4 cxd4 7. Nxd4 Qc7 8. Nc3
Nf6 9. g3 Be7 10. Bg2 O-O 11. O-O Rd8 12. Rc1 Qb8 13. Na4 Nd7 14. Re1 Nxd4 15.
Bxd4 b5 16. cxb5 axb5 17. Nc3 b4 18. Na4 Ba6 19. Nb2 Bb5 20. Qd2 Rxa2 21. Qxb4
e5 22. Bc3 Bf8 23. Na4 d5 24. Qa5 d4 25. Ra1 Rxa1 26. Bxa1 Bc6 27. Rc1 Bb4 28.
Qxd8+ Qxd8 29. Rxc6 g6 30. Bh3 Kg7 31. Rc4 Bd6 32. f4 Nb6 33. Rc6 Nxa4 34. bxa4
Qb8 35. Bf1 Qb4 36. a5 Qxa5 37. Bxd4 exd4 38. Rxd6 Qd2 39. e5 h5 40. Rd7 Qe3+
41. Kg2 h4 42. Rd6 Qe4+ 43. Kf2 Qh1 44. gxh4 Qxh2+ 45. Kf3 Qd2 46. Rd7 Qe3+ 47.
Kg2 Qxf4 48. e6 Qe4+ 49. Kf2 Qxe6 0-1

[Event "25th European Teams Women"]
[Site "Batumi GEO"]
[Date "2025.10.09"]
[Round "5.13"]
[Board "4"]
[White "Froewis, Annika"]
[Black "Sevcikova, Lucia"]
[Result "0-1"]
[WhiteTitle "WFM"]
[BlackTitle "WFM"]
[WhiteElo "2066"]
[BlackElo "2116"]
[WhiteTeam "Austria"]
[BlackTeam "Slovakia"]
[WhiteFideId "1621432"]
[BlackFideId "14940744"]
[EventDate "2025.10.05"]

1. e4 c6 2. Nc3 d5 3. Nf3 dxe4 4. Nxe4 Nf6 5. Qe2 Nxe4 6. Qxe4 Nd7 7. Bc4 Nf6 8.
Ne5 e6 9. Qe2 b5 10. Bb3 Qc7 11. d4 Bd6 12. c3 O-O 13. a4 a6 14. g4 Bb7 15. Rg1
c5 16. g5 Nd5 17. f4 cxd4 18. cxd4 Bb4+ 19. Kf2 Rac8 20. axb5 a5 21. Rg3 f6 22.
Nc6 Nxf4 23. Bxe6+ Nxe6 24. Qxe6+ Kh8 25. Be3 fxg5+ 26. Kg1 Rce8 27. Qb3 Bd6 28.
Rh3 Bc8 29. Bxg5 Bxh3 30. Qxh3 Qf7 31. Qg2 Qc4 32. Bd2 Re2 33. Qg5 Bxh2+ 34. Kh1
Qd3 35. Qd5 Rxd2 36. Ne7 Rf1+ 0-1

[Event "25th European Teams Women"]
[Site "Batumi GEO"]
[Date "2025.10.09"]
[Round "5.14"]
[Board "1"]
[White "Paasikangas, Johanna"]
[Black "Muetsch, Annmarie"]
[Result "0-1"]
[WhiteTitle "FM"]
[BlackTitle "WIM"]
[WhiteElo "2106"]
[BlackElo "2264"]
[WhiteTeam "Finland"]
[BlackTeam "Belgium"]
[WhiteFideId "500879"]
[BlackFideId "12971367"]
[EventDate "2025.10.05"]

1. e4 c5 2. Nf3 Nc6 3. d4 cxd4 4. Nxd4 e5 5. Nb5 d6 6. N1c3 a6 7. Na3 Be6 8. Nc4
Rc8 9. Nd5 Bxd5 10. exd5 Nb8 11. a4 f5 12. Be3 Nd7 13. a5 Ngf6 14. Be2 f4 15.
Bb6 Qe7 16. Qd2 Qf7 17. O-O-O Be7 18. g3 Ne4 19. Qb4 Ndf6 20. f3 Nc5 21. Bxc5
Rxc5 22. gxf4 exf4 23. Qxb7 O-O 24. Qxa6 Nxd5 25. Kb1 Rb8 26. Qa7 Nc3+ 27. Ka1
Qe8 28. Na3 Nxe2 29. Rhe1 Ra8 30. Qb7 Raxa5 31. Rxe2 Rxa3+ 32. Kb1 Qa4 33. Qb8+
Bf8 0-1

[Event "25th European Teams Women"]
[Site "Batumi GEO"]
[Date "2025.10.09"]
[Round "5.14"]
[Board "2"]
[White "De Rycke, Tyani"]
[Black "Tuominen, Tanja"]
[Result "1-0"]
[WhiteTitle "WFM"]
[BlackTitle "WIM"]
[WhiteElo "2114"]
[BlackElo "2025"]
[WhiteTeam "Belgium"]
[BlackTeam "Finland"]
[WhiteFideId "247936"]
[BlackFideId "502340"]
[EventDate "2025.10.05"]

1. e4 c6 2. d4 d5 3. Nc3 dxe4 4. Nxe4 Nf6 5. Nxf6+ exf6 6. c3 Bd6 7. Bd3 O-O 8.
Qc2 Re8+ 9. Ne2 h5 10. Be3 Nd7 11. O-O-O Nf8 12. Kb1 Be6 13. c4 Rc8 14. Qa4 Rb8
15. Nc3 a6 16. d5 Bg4 17. Rc1 b5 18. Qxa6 Rxe3 19. fxe3 Rb6 20. Qa7 bxc4 21.
Bxc4 Bc5 22. Ka1 Bxe3 23. Rce1 Bd4 24. dxc6 Ne6 25. Bxe6 Bxe6 26. c7 Qd5 27.
Rxe6 Bxc3 28. c8=Q+ 1-0

[Event "25th European Teams Women"]
[Site "Batumi GEO"]
[Date "2025.10.09"]
[Round "5.14"]
[Board "3"]
[White "Puuska, Heini"]
[Black "Vanduyfhuys, Daria"]
[Result "0-1"]
[WhiteTitle "WFM"]
[BlackTitle "WFM"]
[WhiteElo "1907"]
[BlackElo "2094"]
[WhiteTeam "Finland"]
[BlackTeam "Belgium"]
[WhiteFideId "502324"]
[BlackFideId "246336"]
[EventDate "2025.10.05"]

1. d4 d5 2. Nf3 e6 3. e3 Nf6 4. Bd3 c5 5. c3 b6 6. O-O Be7 7. Nbd2 Bb7 8. Re1
Nc6 9. dxc5 Bxc5 10. b4 Be7 11. a3 O-O 12. e4 dxe4 13. Nxe4 Nxe4 14. Bxe4 Qxd1
15. Rxd1 Bf6 16. Bg5 Rfd8 17. Bxf6 gxf6 18. c4 f5 19. Bc2 a5 20. b5 Ne7 21. Ne5
Rac8 22. Nd7 Nd5 23. cxd5 Rxd7 24. dxe6 Rxd1+ 25. Bxd1 fxe6 26. Bb3 Kf7 27. f3
Rc3 28. Rb1 Bd5 29. Bxd5 exd5 30. Kf2 Rxa3 31. Rc1 f4 32. Rc6 Ra2+ 33. Kf1 a4
34. Rxb6 a3 35. Ra6 Ke7 36. Ra7+ Kd6 37. Rxh7 Rb2 38. Ra7 a2 39. b6 Rb1+ 0-1

[Event "25th European Teams Women"]
[Site "Batumi GEO"]
[Date "2025.10.09"]
[Round "5.14"]
[Board "4"]
[White "Vanhuyse, Nele"]
[Black "Lehtinen, Helja"]
[Result "1-0"]
[WhiteTitle "WFM"]
[WhiteElo "2020"]
[BlackElo "1953"]
[WhiteTeam "Belgium"]
[BlackTeam "Finland"]
[WhiteFideId "228818"]
[BlackFideId "515566"]
[EventDate "2025.10.05"]

1. e4 c5 2. Nf3 d6 3. Bc4 Nf6 4. d3 e6 5. Bb3 Nc6 6. c3 Be7 7. O-O O-O 8. Qe2
Qc7 9. h3 Bd7 10. Re1 b5 11. d4 c4 12. Bc2 Rfe8 13. e5 dxe5 14. dxe5 Nd5 15. Qe4
g6 16. Ng5 Bf8 17. Qh4 h5 18. f4 Bc5+ 19. Kh2 Nce7 20. Qg3 Qb6 21. Qf3 Bc6 22.
Be4 Nf5 23. Na3 Bf2 24. Rf1 Bg3+ 25. Kh1 h4 26. Nc2 Rac8 27. Rd1 Rcd8 28. Nd4
Nxd4 29. Rxd4 Ne7 30. Be3 Rxd4 31. Bxd4 Qb7 32. Bxc6 Qxc6 33. Ne4 Rd8 34. Rf1
Kg7 35. Bxa7 Rd3 36. Qe2 Nf5 37. Bd4 Qd5 38. Rf3 Rxf3 39. Qxf3 Be1 40. Ng5 Ng3+
41. Kg1 Bd2 42. Qxd5 exd5 43. e6+ f6 44. e7 1-0

[Event "25th European Teams Women"]
[Site "Batumi GEO"]
[Date "2025.10.09"]
[Round "5.15"]
[Board "1"]
[White "Zagorac, Lara"]
[Black "Zherebtsova, Alexandra"]
[Result "0-1"]
[WhiteTitle "WFM"]
[BlackTitle "FM"]
[WhiteElo "2074"]
[BlackElo "2279"]
[WhiteTeam "Croatia"]
[BlackTeam "Montenegro"]
[WhiteFideId "14580250"]
[BlackFideId "24129518"]
[EventDate "2025.10.05"]

1. d4 Nf6 2. c4 b6 3. Nf3 Bb7 4. g3 g6 5. Bg2 Bg7 6. O-O O-O 7. Nc3 Ne4 8. Bd2
Nxd2 9. Qxd2 c5 10. e3 Nc6 11. d5 Na5 12. b3 a6 13. Rad1 b5 14. Qd3 bxc4 15.
bxc4 d6 16. e4 Bc8 17. h3 Rb8 18. Rb1 Rb4 19. Nd2 Bd7 20. a3 Rb8 21. f4 Qc7 22.
Rfe1 Rxb1 23. Ncxb1 Rb8 24. Qe2 Bd4+ 25. Kh2 Rb2 26. Qf1 Qb8 27. Nf3 Rf2 28. Qd3
Qb2 29. Nbd2 Qc3 30. Re3 Qb2 31. Re1 Bc3 32. Rb1 Rxd2 33. Nxd2 Qxd2 34. Qxd2
Bxd2 35. Bf1 Ba4 36. Rb8+ Kg7 37. Rb6 Bb3 38. Rxa6 Nxc4 39. Ra7 Ne3 40. Bb5 c4
41. Bxc4 Nxc4 42. Rxe7 Nxa3 43. e5 Bxd5 44. exd6 Bb4 45. Re3 Be6 46. Rd3 Bd7 47.
Rd4 Bc5 48. Rd5 Bb6 49. Re5 Bd8 50. g4 Nb5 51. Rd5 Kf6 52. f5 gxf5 53. gxf5 Ba5
54. Kg3 Bb4 55. Kg4 Nxd6 56. Kf4 Bxf5 57. Rd4 Ba3 58. h4 h5 59. Kf3 Ke5 60. Ra4
Bc5 0-1

[Event "25th European Teams Women"]
[Site "Batumi GEO"]
[Date "2025.10.09"]
[Round "5.15"]
[Board "2"]
[White "Skvortsova, Alena"]
[Black "Radikovic, Anamarija"]
[Result "1-0"]
[WhiteTitle "WFM"]
[BlackTitle "WFM"]
[WhiteElo "2166"]
[BlackElo "2053"]
[WhiteTeam "Montenegro"]
[BlackTeam "Croatia"]
[WhiteFideId "24166251"]
[BlackFideId "14546264"]
[EventDate "2025.10.05"]

1. e4 c5 2. Nf3 g6 3. d4 cxd4 4. Qxd4 Nf6 5. Nc3 Nc6 6. Qd3 Bg7 7. Be2 d6 8. O-O
O-O 9. Nd5 Nd7 10. c3 Nc5 11. Qc2 e6 12. Ne3 f5 13. exf5 gxf5 14. Rd1 Qc7 15.
Nf1 Ne4 16. Ng3 d5 17. Nh5 Bh8 18. Bh6 Re8 19. Qc1 Ne5 20. Ng5 Nf6 21. Qf4 Re7
22. h3 b6 23. Qg3 Ng6 24. c4 Qxg3 25. fxg3 Ba6 26. Nxf6+ Bxf6 27. Rac1 Ne5 28.
b3 Rd8 29. Nf3 Nf7 30. Bd2 e5 31. Bb4 Red7 32. Nh4 Bg5 33. Nxf5 Bxc1 34. Rxc1 e4
35. Bg4 d4 36. Ne7+ Kg7 37. Bxd7 Rxd7 38. Rd1 Kf6 39. Nc6 Bb7 40. Nxd4 Ne5 41.
Rf1+ Kg6 42. Ne6 Rf7 43. Nf4+ Kh6 44. Rd1 Rd7 45. Rxd7 Nxd7 46. Kf2 Kg5 47. Ke3
Kf5 48. Bd6 a6 49. g4+ Kf6 50. h4 h6 51. Kd4 Ba8 52. b4 Bc6 53. Bc7 b5 54. c5
Bb7 55. g3 Bc6 56. Bd8+ Kf7 57. g5 hxg5 58. Bxg5 Nf8 59. h5 Nh7 60. Bd8 1-0

[Event "25th European Teams Women"]
[Site "Batumi GEO"]
[Date "2025.10.09"]
[Round "5.15"]
[Board "3"]
[White "Mihaljevic, Eva"]
[Black "Milovic, Aleksandra"]
[Result "0-1"]
[BlackTitle "WIM"]
[WhiteElo "2041"]
[BlackElo "2050"]
[WhiteTeam "Croatia"]
[BlackTeam "Montenegro"]
[WhiteFideId "14573016"]
[BlackFideId "933988"]
[EventDate "2025.10.05"]

1. e4 c5 2. Nf3 e6 3. d4 cxd4 4. Nxd4 Nf6 5. Nc3 d6 6. g4 h6 7. h3 Nc6 8. Be3
Bd7 9. f4 e5 10. Ndb5 Qa5 11. Kf2 a6 12. Na3 exf4 13. Bd2 Ne5 14. Bd3 Qc5+ 15.
Kf1 b5 16. Ne2 g5 17. Qe1 Nf3 18. Qd1 Ne5 19. b4 Qb6 20. Ng1 h5 21. gxh5 Nxh5
22. Be1 Ng3+ 23. Bxg3 fxg3 24. Qe1 Bg7 25. Rd1 Ng4 26. Qxg3 Ne3+ 27. Ke2 Nxd1
28. Kxd1 g4 29. Qg2 Be5 30. hxg4 Rxh1 31. Qxh1 Bxg4+ 32. Ne2 Qe3 33. Qg2 Qg5 34.
Nb1 Ke7 35. Nd2 Bc3 36. Nf3 Qh5 37. Nfg1 Rg8 38. Kc1 Qg5+ 39. Kb1 Bxe2 40. Qxg5+
Rxg5 41. Nxe2 Bxb4 42. Kb2 d5 43. Nd4 dxe4 44. Bxe4 Kd6 45. Bb7 Rc5 46. Ne2 Bd2
47. Ng3 f5 48. Bxa6 Ke5 49. a4 Bc3+ 50. Kb3 bxa4+ 0-1

[Event "25th European Teams Women"]
[Site "Batumi GEO"]
[Date "2025.10.09"]
[Round "5.15"]
[Board "4"]
[White "Koljevic, Nikolina"]
[Black "Hajdinic, Ema"]
[Result "1/2-1/2"]
[WhiteTitle "WFM"]
[BlackTitle "WCM"]
[WhiteElo "1970"]
[BlackElo "2058"]
[WhiteTeam "Montenegro"]
[BlackTeam "Croatia"]
[WhiteFideId "16503945"]
[BlackFideId "14567059"]
[EventDate "2025.10.05"]

1. e4 c5 2. Nf3 a6 3. c4 Nc6 4. d4 cxd4 5. Nxd4 e5 6. Nxc6 dxc6 7. Qxd8+ Kxd8 8.
Be3 Kc7 9. c5 Nf6 10. Nc3 Ng4 11. Na4 Nxe3 12. fxe3 Be6 13. b3 Be7 14. Rc1 Rad8
15. Be2 h5 16. Rf1 Bh4+ 17. g3 Bg5 18. Rc3 h4 19. Bc4 hxg3 20. hxg3 Bxc4 21.
bxc4 f6 22. Rf2 Rh1+ 23. Ke2 Rdd1 24. Kf3 Rhf1 25. Rxf1 Rxf1+ 26. Ke2 Ra1 27.
Rc2 Rh1 28. Kf3 Re1 29. Rc3 g6 30. Rd3 f5 31. Nb6 a5 32. Kf2 Ra1 33. Rd7+ Kb8
34. Rg7 Rxa2+ 35. Kf3 Rd2 36. exf5 Bd8 37. Rd7 e4+ 38. Kxe4 gxf5+ 39. Kxf5 Rxd7
40. Nxd7+ Kc8 41. Ne5 a4 42. Nd3 Ba5 43. Nc1 Bd2 44. Na2 Bxe3 45. Ke4 Bxc5 46.
g4 Kd7 47. Kd3 Bf8 48. Nc3 a3 49. Kc2 Bg7 50. Na2 Bb2 51. Kb3 Kd6 52. g5 Ke6 53.
Nb4 Kf5 54. Nd3 Kxg5 55. Nc5 b5 56. cxb5 cxb5 57. Nd3 Kf5 58. Nxb2 axb2 59. Kxb2
Ke5 60. Kc3 Kd5 61. Kb4 Kc6 62. Kb3 Kc5 63. Kc3 Kc6 64. Kb4 Kb6 65. Kb3 Kc5 66.
Kc3 b4+ 67. Kb3 Kb5 68. Kb2 Ka6 69. Kb3 Ka5 70. Kb2 Ka4 71. Ka2 b3+ 72. Kb2 Kb4
73. Kb1 Kc3 74. Kc1 b2+ 75. Kb1 Kb3 1/2-1/2

[Event "25th European Teams Women"]
[Site "Batumi GEO"]
[Date "2025.10.09"]
[Round "5.16"]
[Board "1"]
[White "Zaksaite, Salomeja"]
[Black "Ptacnikova, Lenka"]
[Result "0-1"]
[WhiteTitle "WGM"]
[BlackTitle "WGM"]
[WhiteElo "2133"]
[BlackElo "2167"]
[WhiteTeam "Lithuania"]
[BlackTeam "Iceland"]
[WhiteFideId "12801496"]
[BlackFideId "305650"]
[EventDate "2025.10.05"]

1. d4 Nf6 2. Nf3 d5 3. e3 c5 4. b3 cxd4 5. exd4 Nc6 6. Bd3 Bg4 7. Bb2 Qa5+ 8. c3
Bxf3 9. gxf3 e6 10. Nd2 Bd6 11. Qe2 Nh5 12. Kf1 Nf4 13. Qe3 Qd8 14. Ba3 Qh4 15.
Bxd6 Qh3+ 16. Ke1 Ng2+ 17. Kd1 Nxe3+ 18. fxe3 g5 19. Rg1 Kd7 20. Bg3 Rac8 21. e4
f5 22. exd5 exd5 23. f4 gxf4 24. Bf1 Qh6 25. Bf2 Rhg8 26. Nf3 Rxg1 27. Bxg1 Re8
28. Kd2 Qh5 29. Be2 Qh3 30. c4 Qg2 31. Re1 Rxe2+ 32. Rxe2 Qxf3 0-1

[Event "25th European Teams Women"]
[Site "Batumi GEO"]
[Date "2025.10.09"]
[Round "5.16"]
[Board "2"]
[White "Thorsteinsdottir, Hallgerdur"]
[Black "Baginskaite, Kamile"]
[Result "1/2-1/2"]
[WhiteTitle "WFM"]
[BlackTitle "WGM"]
[WhiteElo "2031"]
[BlackElo "2158"]
[WhiteTeam "Iceland"]
[BlackTeam "Lithuania"]
[WhiteFideId "2302454"]
[BlackFideId "2014599"]
[EventDate "2025.10.05"]

1. e4 c5 2. Nf3 d6 3. c3 Nf6 4. h3 g6 5. Bd3 Bg7 6. Bc2 e5 7. O-O O-O 8. d4 exd4
9. cxd4 cxd4 10. Nxd4 Nc6 11. Nxc6 bxc6 12. Nc3 d5 13. Be3 Re8 14. exd5 Nxd5 15.
Qf3 Nxe3 16. fxe3 Be6 17. Be4 Bxc3 18. bxc3 Bd5 19. Bxd5 Qxd5 20. Qxd5 cxd5 21.
Kf2 Rec8 22. Rac1 Rab8 23. Rc2 Kf8 24. Rd1 Rb5 25. Rd4 Rbc5 26. Rcd2 Rxc3 27.
Rxd5 Rc2 28. Kf3 Rxd2 29. Rxd2 Rc5 30. Rd4 Ra5 31. a4 1/2-1/2

[Event "25th European Teams Women"]
[Site "Batumi GEO"]
[Date "2025.10.09"]
[Round "5.16"]
[Board "3"]
[White "Limontaite, Simona"]
[Black "Briem, Gudrun Fanney"]
[Result "1-0"]
[WhiteTitle "WIM"]
[BlackTitle "WCM"]
[WhiteElo "2151"]
[BlackElo "1981"]
[WhiteTeam "Lithuania"]
[BlackTeam "Iceland"]
[WhiteFideId "12802506"]
[BlackFideId "2317486"]
[EventDate "2025.10.05"]

1. Nf3 d5 2. g3 Nf6 3. Bg2 Bf5 4. c4 c6 5. Qb3 Qb6 6. d3 e6 7. Qxb6 axb6 8. Nh4
Bg6 9. Nxg6 hxg6 10. O-O Nbd7 11. cxd5 exd5 12. d4 Bd6 13. f3 c5 14. Nc3 Rd8 15.
Nb5 Bb8 16. Be3 O-O 17. Rac1 Rfe8 18. Kf2 c4 19. Rfe1 Nf8 20. Rc3 Ne6 21. b3
cxb3 22. axb3 Rc8 23. Rec1 Rxc3 24. Rxc3 Kf8 25. Bc1 Rd8 26. Ke3 Ke7 27. Kf2 Rh8
28. Kg1 Kd7 29. e4 dxe4 30. fxe4 Nd8 31. e5 Ne8 32. h4 f5 33. Bf4 Nc6 34. e6+
Kxe6 35. d5+ Ke7 36. dxc6 Bxf4 37. gxf4 bxc6 38. Bxc6 Rxh4 39. Re3+ Kf6 40. Bxe8
Rg4+ 41. Kh2 Rxf4 42. Nc7 Rf2+ 43. Kg3 Rb2 44. Re6+ Kg5 45. Rxg6+ Kh5 46. Rxb6+
g6 47. Bxg6+ Kg5 48. Bf7 f4+ 49. Kf3 Rb1 50. Rb5+ Kf6 51. Bc4 Rd1 52. Kxf4 Rd4+
53. Ke3 Rh4 54. Nd5+ Ke6 55. Nf4+ Kd7 56. Rb6 Rh1 57. Kd4 Kc7 58. Nd5+ Kd7 59.
Kc5 Rc1 60. Rd6+ Kc8 61. Kc6 Kb8 62. Nb6 Ka7 63. Rd7+ Kb8 64. Rb7# 1-0